Stephen Curry Ultimate Quiz - Statistics

General Stats
  • This quiz has been taken 625 times
  • The average score is 6 of 7
Answer Stats
Question Answer % Correct
What college did he go to Davidson
98%
What other sport is Curry good at other than basketball Golf
98%
What is Curry’s brothers real first name Seth
98%
What is Stephen Curry’s real first name Wardell
94%
When is Curry’s birthday March, 14
85%
What pick was he drafted 7th
81%
What is his dads real first name Wardell
34%
No matching quizzes found
Score Distribution
Percent of People with Each Score
Percentile by Number Answered
Your Score History
You have not taken this quiz